EFFECT OF DEHYDRATED ALFALFA AND AGE ON EGG WEIGHT, EGG MASS, FEED INTAKE, AND FEED CONVERSION EFFICIENCY IN HY- LINE(R)W-98 LAYERS

Bibliographic Details
Main Authors: Arshad Al-Haweizy, A. (Author), Yasin Al-Sardary, S. (Author)
Format: Article
Language:English

MARC

LEADER 00000nab a2200000uu 4500
001 vtls010898292
003 SK-MaSNL
005 20260303191100.0
008 230222|2007 xo |||||||||||||||||eng|
015 |a SNBRB 
035 |a (urnnbn)urn:nbn:sk:snk:ar-006okb 
035 |a (uuid)fc0c355d-dc4a-472a-8501-cb567b633c30 
035 |a urn:nbn:sk:snk-ab8qip 
040 |a SNKBUCL  |b slo  |c SNKBUCL  |e AACR2 
041 0 |a eng 
044 |a xo  |c SK 
100 1 |a Arshad Al-Haweizy, A.  |4 aut  |9 1220129 
245 1 0 |a EFFECT OF DEHYDRATED ALFALFA AND AGE ON EGG WEIGHT, EGG MASS, FEED INTAKE, AND FEED CONVERSION EFFICIENCY IN HY- LINE(R)W-98 LAYERS  |c A. Arshad Al-Haweizy, S. Yasin Al-Sardary 
700 1 |a Yasin Al-Sardary, S.  |4 aut  |9 1220130 
773 0 |t Slovak journal of animal science  |g Roč. 40, č. 1 (2007), s. 19-23 
958 |a OND 
958 |a EUIPO 
958 |a article10 
999 |c 2139355  |d 2141285